| 000 | 00452nam a22001817a 4500 | ||
|---|---|---|---|
| 003 | MPLRDC | ||
| 005 | 20220104172427.0 | ||
| 008 | 210129b ||||| |||| 00| 0 eng d | ||
| 082 | _a524.9 CL v.8 | ||
| 100 | _aH. R. CHILLINGWORTH | ||
| 245 |
_aMATHEMATICS, BOOK 1 _c |
||
| 250 | _a初版 | ||
| 260 |
_a _bGROLIER SOCIETY LIMITED _c1965 |
||
| 300 | _b精 | ||
| 490 | _aTHE CERTIFICATE LIBRARY | ||
| 650 | _a自修用书 | ||
| 942 |
_cBK _o524.9 CL v.8 |
||
| 999 |
_c58940 _d58930 |
||